000 00690cab a2200217 4500
001 WB2828-28
008 090401t1992 xxu||||| |||| 00| 0 eng d
035 _a(Sirsi) u59775
041 _aeng
245 _aAgency given go-ahead
260 _c1992
350 _a0
490 _aFinancial Times
_v16 July 1992, 20(1)
520 _aThe Government is to press ahead with a `one-stop shop for environmental protection` bringing together control of air, land and water pollution.
650 _aENVIRONMENT AGENCY
650 _aHM INSPECTORATE OF POLLUTION
650 _aNATIONAL RIVERS AUTHORITY
690 _aENVIRONMENTAL AND LAND CONSULTANCY
942 _n0
948 _c04/03/1997
999 _c36742
_d36742